LEADER 01312nam a22002893i 4500 001 991001311129707536 005 20251120133751.0 008 040407s1967 it ||| fr|||| 001|0 ita 035 $ab12751029-39ule_inst 035 $aARCHE-073065$9ExL 040 $aDip.to Scienze Storiche$bita$cA.t.i. Arché s.c.r.l. Pandora Sicilia s.r.l. 082 04$a231.74 110 2 $aChiesa cattolica$0411884 245 13$aLa Costituzione dogmatica sulla divina rivelazione :$bstoria, testo latino dello schema preconciliare De fontibus revelationis, prospetto sinottico delle quattro principali redazioni dello schema De divina revelatione, traduzione italiana del testo promulgato, esposizione e commento 250 $a4. ed. 260 $aTorino Leumann :$bElle Di Ci,$c1967 300 $a546 p. ;$c21 cm 440 0$aMagistero conciliare 500 $aA cura di U. Betti e altri 610 24$aConcilio Vaticano$n<2. ;$d1962-1965>$xCostituzione Dei verbum 700 1 $aBetti, Umberto 907 $a.b12751029$b02-04-14$c16-04-04 912 $a991001311129707536 945 $aLE009 STOR.47-6$g1$i2009000203099$lle009$o-$pE0.00$q-$rl$s-$t0$u2$v0$w2$x0$y.i13289500$z16-04-04 996 $aCostituzione dogmatica sulla divina rivelazione$9266638 997 $aUNISALENTO 998 $ale009$b16-04-04$cm$da$e-$fita$git$h3$i1